000 00603nam a22002297a 4500
003 UA-OsUOA
001 84882
007 ta
008 20120611b un ||||| |||| 00| 0 ukr d
100 _aСкорупський В.
090 _a821.161.2
_bС44
942 _cBK
040 _aUA-OsUOA
_bukr
_cUA-OsUOA
_dUA-OsUOA
245 _aБез рідного порога
_bпоеми
300 _a62 с.
955 _a3
041 _aukr
080 _a821.161.2
260 _aЕдмонтон
_c1958
650 7 _a82 Література. Літературознавство
_2UDC
999 _c371237
_d371237